01749nam a2200361 i 4500001001000000003000900010005001700019007000300036008004100039020001500080040003000095041000800125082002400133100004800157245008400205250002200289264006200311300003600373336002700409337003300436338002800469490001900497590002600516651005400542651005400596651006700650942001400717952012200731952012800853952013400981952025501115999001701370000034157DO-SdBNP20260602155056.0ta110926s1999 mx b r 000 0 spa d a9681658574 aDO-SdBNPbspacBNPHUerda aspa4 a972.9305bM938b2231 aMoya Pons, Frank,d1944-eautor4aut.9209510aBreve historia contemporánea de la República Dominicana /cFrank Moya Pons. aPrimera edición 4aMéxico :bEditora Fondo de Cultura Económica,c@1999. a270 páginas :bmapas ;c17 cm atextobtxt2rdacontent asin mediaciónbn2rdamedia avolumenbnc2rdacarrier1 aPupular v567  aInventariado, 2020/YL aRepública DominicanaxHistoriaySiglo XIX96900 aRepública DominicanaxHistoriaySiglo SS989846 aRepública DominicanaxPolítica y gobiernoySiglo XX989847 2ddccLBS1 00102ddc51708PDaBNPHUbBNPHUcCTd2011-09-26l0oBNPHU PD p34157-10r2020-06-25w2020-06-25yLBS1ZNo se presta 00102ddc51708PDaBNPHUbBNPHUcCTd2011-09-26l0oBNPHU PD p34157-20r2020-06-25te. 2w2020-06-25yLBS1ZNo se presta 00102ddc56708DSaBNPHUbBNPHUcCTd2019-02-12l0oBNPHU DS p34157-30r2020-06-25te. 3w2020-06-25yLBS1ZPréstamo en sala 00102ddc56708DSaBNPHUbBNPHUcCTd2024-10-24eDonado por la Presidencia de la República Dominicana 2023.l0oBNPHU DS 972.9305 M938bp2024-6096r2024-10-24te.4w2024-10-24yLBS1zPerteneció a la biblioteca personal de Emilio Cordero Michel. c33648d33648